| 000 | 00396nam a2200145Ia 4500 | ||
|---|---|---|---|
| 008 | 230312s9999||||xx |||||||||||||| ||und|| | ||
| 082 |
_a510 _bHAS-B |
||
| 100 | _aMirza Muhammmad Hasan | ||
| 245 | 0 | _aBusienss Mathematics | |
| 260 |
_bFarooq Kitab Ghar _aKarachi _c2001 |
||
| 300 | _a312 | ||
| 546 | _aEng. | ||
| 650 |
_aAccounting _vBasic Arithmetic , Basic Algebra , Binary Numbers |
||
| 942 | _cBK | ||
| 999 |
_c2046 _d2046 |
||